| 000 | 004220000a22001810004500 | ||
|---|---|---|---|
| 003 | MACL | ||
| 005 | 20151219141800.0 | ||
| 008 | 151219b xxu||||| |||| 00| 0 eng d | ||
| 040 |
_aMACL _cMACL |
||
| 041 | _aEnglish | ||
| 082 | _a590/WIL | ||
| 100 |
_aBurnie, David _921420 |
||
| 245 | _aAnimal | ||
| 260 |
_bA Dorling Kindersley Book _c2001 |
||
| 350 | _a3106 | ||
| 650 |
_aAnimals _921421 |
||
| 942 |
_cBK _k590/WIL _2ddc |
||
| 999 |
_c40142 _d40142 |
||